[Event "SVK-chT2D 2122"]
[Site "Slovakia"]
[Date "2022.03.26"]
[Round "8.3"]
[White "Panko, Eduard1111"]
[Black "Tauber, Marek"]
[Result "1-0"]
[WhiteElo "2004"]
[BlackElo "2056"]
[PlyCount "77"]
[EventDate "2021.10.16"]
[EventType "team-tourn"]
[EventRounds "11"]
[EventCountry "SVK"]
[SourceTitle "EXT 2023"]
[Source "ChessBase"]
[SourceDate "2022.10.05"]
[SourceVersion "1"]
[SourceVersionDate "2022.10.05"]
[SourceQuality "1"]
[WhiteTeam "Stropkov/Svidnik"]
[BlackTeam "Spisska Nova Ves"]
[WhiteTeamCountry "SVK"]
[BlackTeamCountry "SVK"]

1. d3 d5 2. c3 e5 3. Nf3 Nc6 4. Nbd2 Nf6 5. Qc2 a5 6. e4 Be7 7. Be2 0-0 8. h3 h6 9. Nf1 Be6 10. g4 Nh7 11. Ng3 Ng5 12. Nf5 dxe4 13. Nxe7+ Qxe7 14. Bxg5 hxg5 15. dxe4 Rfd8 16. h4 Bxg4 17. Nxg5 Bxe2 18. Qxe2 Rd6 19. Qh5 Rh6 20. Qg4 Rd8 21. Rd1 Rhd6 22. Rxd6 Qxd6 23. 0-0 g6 24. Re1 Kg7 25. Kg2 Qd7 26. Qg3 f6 27. Nf3 Rh8 28. Re2 Kf7 29. Rd2 Qe6 30. Nh2 g5 31. hxg5 Rg8 32. Nf3 fxg5 33. Nxg5+ Rxg5 34. Qxg5 Ne7 35. b3 b6 36. Rd3 Ng6 37. Qh5 Ke7 38. Qh7+ Ke8 39. Rg3 1-0

[Event "SVK-chT1E 2122"]
[Site "Slovakia"]
[Date "2022.02.26"]
[Round "4.1"]
[White "Franko, Ondrej"]
[Black "Tauber, Marek"]
[Result "1/2-1/2"]
[WhiteElo "2009"]
[BlackElo "2056"]
[PlyCount "58"]
[EventDate "2022.01.29"]
[EventType "team-tourn"]
[EventRounds "11"]
[EventCountry "SVK"]
[SourceTitle "EXT 2023"]
[Source "ChessBase"]
[SourceDate "2022.10.05"]
[SourceVersion "1"]
[SourceVersionDate "2022.10.05"]
[SourceQuality "1"]
[WhiteTeam "Dunajov Inbest II"]
[BlackTeam "Kosice Slavia TU"]
[WhiteTeamCountry "SVK"]
[BlackTeamCountry "SVK"]

1. e4 e5 2. Nf3 d6 3. d4 Nf6 4. Nc3 Nbd7 5. Bc4 Be7 6. Bg5 0-0 7. Qd2 c6 8. a4 b6 9. 0-0 a6 10. Rfe1 Qc7 11. Rad1 b5 12. Bb3 Bb7 13. h4 Rfe8 14. dxe5 dxe5 15. Bxf6 Nxf6 16. Ng5 Rf8 17. Qe3 h6 18. Nf3 Ng4 19. Qe2 Bc5 20. Rf1 Bc8 21. Nh2 h5 22. Rd3 Qe7 23. g3 g6 24. Qd2 Kg7 25. Kg2 Ra7 26. Nxg4 Bxg4 27. f3 Be6 28. Bxe6 Qxe6 29. Rd1 Re8 1/2-1/2

[Event "SVK-chT1E 2122"]
[Site "Slovakia"]
[Date "2022.01.29"]
[Round "1.6"]
[White "Panko, Eduard1111"]
[Black "Tauber, Marek"]
[Result "1/2-1/2"]
[WhiteElo "2030"]
[BlackElo "2056"]
[PlyCount "55"]
[EventDate "2022.01.29"]
[EventType "team-tourn"]
[EventRounds "11"]
[EventCountry "SVK"]
[SourceTitle "EXT 2023"]
[Source "ChessBase"]
[SourceDate "2022.10.05"]
[SourceVersion "1"]
[SourceVersionDate "2022.10.05"]
[SourceQuality "1"]
[WhiteTeam "Bardejov"]
[BlackTeam "Kosice Slavia TU"]
[WhiteTeamCountry "SVK"]
[BlackTeamCountry "SVK"]

1. b3 e5 2. Bb2 Nc6 3. e3 Nf6 4. Bb5 Bd6 5. Na3 Na5 6. Nc4 Nxc4 7. Bxc4 0-0 8. Ne2 c6 9. Ng3 Bc7 10. d4 Re8 11. dxe5 Bxe5 12. Bxe5 Rxe5 13. Qd6 Qe8 14. 0-0 b5 15. Bd3 Re6 16. Qd4 d5 17. a4 a6 18. axb5 cxb5 19. Ne2 Bb7 20. Rfd1 Rd8 21. Qh4 Re5 22. Nd4 Rc8 23. Rd2 Qe7 24. Nf5 Qe6 25. Nd4 Qe7 26. Nf5 Qe6 27. Nd4 Qe7 28. Nf5 1/2-1/2

[Event "SVK-chT2D 1920"]
[Site "Slovakia"]
[Date "2020.03.07"]
[Round "10.3"]
[White "Tauber, Marek"]
[Black "Kmit, Jozef"]
[Result "1/2-1/2"]
[WhiteElo "2045"]
[BlackElo "2057"]
[PlyCount "86"]
[EventDate "2019.10.26"]
[EventType "team-tourn"]
[EventRounds "11"]
[EventCountry "SVK"]
[SourceTitle "EXT 2022"]
[Source "ChessBase"]
[SourceDate "2021.10.06"]
[SourceVersion "1"]
[SourceVersionDate "2021.10.06"]
[SourceQuality "1"]
[WhiteTeam "Kosice Slavia UPJS III"]
[BlackTeam "Stropkov/Svidnik"]
[WhiteTeamCountry "SVK"]
[BlackTeamCountry "SVK"]

1. e4 c5 2. Nf3 Nc6 3. d4 cxd4 4. Nxd4 Nf6 5. Nc3 g6 6. Nxc6 dxc6 7. Qxd8+ Kxd8 8. Bc4 Ke8 9. e5 Nd7 10. f4 b5 11. Bb3 Nc5 12. Be3 Nxb3 13. axb3 Bf5 14. 0-0-0 f6 15. Bd4 Kf7 16. Rhe1 Bh6 17. g3 Rhd8 18. exf6 exf6 19. Ne4 Bxe4 20. Rxe4 Rd7 21. Bc5 Rxd1+ 22. Kxd1 Rd8+ 23. Ke2 Rd7 24. b4 Bf8 25. Bxf8 Kxf8 26. Re6 Re7 27. Rxe7 Kxe7 28. Ke3 h5 29. Kd4 Kd6 30. h3 Ke6 31. g4 hxg4 32. hxg4 Kd6 33. f5 gxf5 34. gxf5 Kd7 35. Kc5 Kc7 36. b3 Kd7 37. c4 bxc4 38. bxc4 Kc7 39. b5 cxb5 40. cxb5 Kb7 41. Kc4 Kc7 42. Kd5 Kb6 43. Kc4 Kc7 1/2-1/2

[Event "SVK-chT1E 1920"]
[Site "Slovakia"]
[Date "2020.02.23"]
[Round "9.5"]
[White "Tauber, Marek"]
[Black "Sevcikova, Lucia"]
[Result "1/2-1/2"]
[WhiteElo "2045"]
[BlackElo "2011"]
[PlyCount "35"]
[EventDate "2019.10.12"]
[EventType "team-tourn"]
[EventRounds "11"]
[EventCountry "SVK"]
[SourceTitle "CBM 195 Extra"]
[Source "ChessBase"]
[SourceDate "2020.05.31"]
[SourceVersion "1"]
[SourceVersionDate "2020.05.31"]
[SourceQuality "1"]
[WhiteTeam "Kosice Slavia TU II"]
[BlackTeam "Kysucke Nove Mesto"]
[WhiteTeamCountry "SVK"]
[BlackTeamCountry "SVK"]

1. e4 Nf6 2. e5 Nd5 3. d4 d6 4. Nf3 Bg4 5. Be2 e6 6. 0-0 Be7 7. h3 Bh5 8. c4 Nb6 9. exd6 cxd6 10. Nc3 0-0 11. Be3 Nc6 12. d5 Bxf3 13. Bxf3 Ne5 14. b3 Nxf3+ 15. Qxf3 e5 16. Rfd1 f5 17. Rac1 Nd7 18. Rc2 1/2-1/2

[Event "SVK-chT1E 1920"]
[Site "Slovakia"]
[Date "2020.02.22"]
[Round "8.4"]
[White "Tauber, Marek"]
[Black "Lisko, Frantisek"]
[Result "1/2-1/2"]
[WhiteElo "2045"]
[BlackElo "2225"]
[PlyCount "55"]
[EventDate "2019.10.12"]
[EventType "team-tourn"]
[EventRounds "11"]
[EventCountry "SVK"]
[SourceTitle "CBM 195 Extra"]
[Source "ChessBase"]
[SourceDate "2020.05.31"]
[SourceVersion "1"]
[SourceVersionDate "2020.05.31"]
[SourceQuality "1"]
[WhiteTeam "Kosice Slavia TU II"]
[BlackTeam "Dunajov Inbest II"]
[WhiteTeamCountry "SVK"]
[BlackTeamCountry "SVK"]

1. e4 c5 2. Nf3 e6 3. Nc3 Nc6 4. d4 cxd4 5. Nxd4 Nf6 6. Nxc6 bxc6 7. e5 Nd5 8. Ne4 Qc7 9. f4 Qb6 10. c4 Bb4+ 11. Ke2 f5 12. exf6 Nxf6 13. Be3 Qd8 14. Nd6+ Bxd6 15. Qxd6 Bb7 16. Rd1 c5 17. Qxc5 Be4 18. Rd4 Qb8 19. b3 Qb7 20. Rg1 Rc8 21. Qb5 Qa8 22. Qb4 Rf8 23. h3 Rf7 24. Ke1 Re7 25. Qd2 Kf7 26. Kf2 Kg8 27. Kg3 Qb8 28. Kh2 1/2-1/2

[Event "SVK-chT1E 1819"]
[Site "Slovakia"]
[Date "2019.01.12"]
[Round "5.7"]
[White "Tauber, Marek"]
[Black "Antal, Jakub"]
[Result "0-1"]
[WhiteElo "2130"]
[BlackElo "1827"]
[PlyCount "82"]
[EventDate "2018.10.27"]
[EventType "team-tourn"]
[EventRounds "11"]
[EventCountry "SVK"]
[SourceTitle "CBM 188 Extra"]
[Source "ChessBase"]
[SourceDate "2019.02.26"]
[SourceVersion "1"]
[SourceVersionDate "2019.02.26"]
[SourceQuality "1"]
[WhiteTeam "Kosice Slavia UPJS"]
[BlackTeam "Kosice Slavia TU II"]
[WhiteTeamCountry "SVK"]
[BlackTeamCountry "SVK"]

1. e4 c5 2. Nf3 Nc6 3. b4 cxb4 4. d4 g6 5. a3 d5 6. exd5 Qxd5 7. c4 bxc3 8. Nxc3 Qa5 9. d5 Bg7 10. dxc6 Qxc3+ 11. Nd2 Qxa1 12. cxb7 Qe5+ 13. Be2 Bxb7 14. 0-0 Rc8 15. Qa4+ Bc6 16. Qa6 Qc7 17. Nc4 Nf6 18. Bf4 Bb7 19. Qa4+ Qd7 20. Qxa7 Ra8 21. Qe3 Nd5 22. Qg3 0-0 23. Ne5 Nxf4 24. Qxf4 Bxe5 25. Qxe5 Qd5 26. Qg3 Rxa3 27. Bf3 Qc5 28. h4 Bxf3 29. gxf3 Qd6 30. Kg2 Qe6 31. Qg4 Rfa8 32. h5 R3a5 33. Rh1 Qf6 34. f4 Qg7 35. h6 Qf6 36. Rc1 Qa6 37. Rc7 Ra1 38. Kh2 f5 39. Qf3 Qd6 40. Qb3+ Kf8 41. Rc4 Qd1 0-1

[Event "SVK-chT2D 1718"]
[Site "Slovakia"]
[Date "2018.03.18"]
[Round "11.1"]
[White "Tauber, Marek"]
[Black "Zambor, Norbert"]
[Result "1/2-1/2"]
[WhiteElo "2101"]
[BlackElo "2235"]
[PlyCount "90"]
[EventDate "2017.10.28"]
[EventType "team-tourn"]
[EventRounds "11"]
[EventCountry "SVK"]
[SourceTitle "EXT 2020"]
[Source "ChessBase"]
[SourceDate "2019.10.17"]
[SourceVersion "1"]
[SourceVersionDate "2019.10.17"]
[SourceQuality "1"]
[WhiteTeam "Spisska Nova Ves"]
[BlackTeam "Kosice 1 CC"]
[WhiteTeamCountry "SVK"]
[BlackTeamCountry "SVK"]

1. c4 c5 2. Nf3 Nf6 3. g3 d5 4. cxd5 Nxd5 5. Bg2 Nc6 6. 0-0 e5 7. Nc3 Nc7 8. d3 Be7 9. Nd2 Bd7 10. Nc4 f6 11. f4 0-0 12. Bd2 Rb8 13. Rc1 Kh8 14. fxe5 fxe5 15. Ne4 Rxf1+ 16. Qxf1 Qg8 17. Bc3 Rf8 18. Qe1 Qe6 19. b3 b6 20. Qd2 Nd5 21. Ne3 Nxc3 22. Qxc3 Nd4 23. Qd2 Bc6 24. Nc4 Bxe4 25. Bxe4 b5 26. Na5 Qg4 27. Rf1 Qxe2 28. Rxf8+ Bxf8 29. Qxe2 Nxe2+ 30. Kf2 Nc3 31. Nc6 Nxa2 32. Nxe5 Nc3 33. Bc6 a5 34. Ke3 g6 35. Kd2 b4 36. Nc4 Bh6+ 37. Ke1 Na2 38. Nxa5 Nc1 39. Bb5 Kg7 40. Bc4 Kf6 41. Nc6 Be3 42. Kd1 Na2 43. Ke2 Bd4 44. Kf3 Nc3 45. h4 h5 1/2-1/2

[Event "SVK-chT2D 1718"]
[Site "Slovakia"]
[Date "2018.01.14"]
[Round "6.2"]
[White "Panko, Radoslav"]
[Black "Tauber, Marek"]
[Result "1/2-1/2"]
[WhiteElo "2049"]
[BlackElo "2110"]
[PlyCount "120"]
[EventDate "2017.10.28"]
[EventType "team-tourn"]
[EventRounds "11"]
[EventCountry "SVK"]
[SourceTitle "EXT 2019"]
[Source "ChessBase"]
[SourceDate "2018.10.10"]
[SourceVersion "1"]
[SourceVersionDate "2018.10.10"]
[SourceQuality "1"]
[WhiteTeam "Bardejov II"]
[BlackTeam "Spisska Nova Ves"]
[WhiteTeamCountry "SVK"]
[BlackTeamCountry "SVK"]

1. b3 e5 2. Bb2 Nc6 3. e3 Nf6 4. Nf3 e4 5. Nd4 d5 6. Nxc6 bxc6 7. d3 Bd6 8. Nd2 Bf5 9. dxe4 dxe4 10. Be2 0-0 11. g4 Be6 12. h3 Qe7 13. Bxf6 Qxf6 14. Nxe4 Bb4+ 15. c3 Bxc3+ 16. Nxc3 Qxc3+ 17. Kf1 Rad8 18. Qc1 Qe5 19. Kg2 Rfe8 20. Bf3 Bd5 21. Rd1 h5 22. Bxd5 Rxd5 23. Qxc6 Rc5 24. Qf3 Rc2 25. Rac1 Rxc1 26. Rxc1 Re6 27. Rc6 hxg4 28. hxg4 Rxc6 29. Qxc6 a5 30. Qa8+ Kh7 31. Qf3 Kg8 32. Qf5 Qc3 33. Qc8+ Kh7 34. Qd7 f6 35. Qf5+ Kh8 36. e4 Kg8 37. Qe6+ Kh7 38. e5 fxe5 39. g5 Qd4 40. Qf5+ g6 41. Qf7+ Kh8 42. Qf8+ Kh7 43. Qh6+ Kg8 44. Qxg6+ Kf8 45. Qf5+ Kg8 46. g6 Qd5+ 47. Kg3 Kg7 48. f3 c6 49. Kg4 Qd4+ 50. Kh3 Qd5 51. Kg3 c5 52. Qh5 Qd4 53. Qh7+ Kf6 54. Qf7+ Kg5 55. Qe7+ Kxg6 56. Qe6+ Kg5 57. Qe7+ Kf5 58. Qf7+ Kg5 59. Qg7+ Kf5 60. Qf7+ Kg5 1/2-1/2

[Event "SVK-chT2D 1718"]
[Site "Slovakia"]
[Date "2017.10.29"]
[Round "2.2"]
[White "Pcola, Jaroslav1111"]
[Black "Tauber, Marek"]
[Result "1/2-1/2"]
[WhiteElo "2100"]
[BlackElo "2110"]
[PlyCount "39"]
[EventDate "2017.10.28"]
[EventType "team-tourn"]
[EventRounds "11"]
[EventCountry "SVK"]
[SourceTitle "EXT 2019"]
[Source "ChessBase"]
[SourceDate "2018.10.10"]
[SourceVersion "1"]
[SourceVersionDate "2018.10.10"]
[SourceQuality "1"]
[WhiteTeam "Humenne Reinter"]
[BlackTeam "Spisska Nova Ves"]
[WhiteTeamCountry "SVK"]
[BlackTeamCountry "SVK"]

1. d4 d5 2. c4 e5 3. cxd5 Qxd5 4. Nc3 Qxd4 5. Qxd4 exd4 6. Nb5 Bb4+ 7. Bd2 Bxd2+ 8. Kxd2 Na6 9. Nxd4 Nf6 10. e3 Nc5 11. Rc1 Nce4+ 12. Ke1 c6 13. Bd3 0-0 14. Bxe4 Nxe4 15. f3 Nf6 16. e4 Bd7 17. Nge2 Rfc8 18. Nc3 c5 19. Nc2 Bc6 20. Ke2 1/2-1/2

[Event "SVK-chT1E 1718"]
[Site "Slovakia"]
[Date "2017.10.22"]
[Round "2.4"]
[White "Tauber, Marek"]
[Black "Motycakova, Monika"]
[Result "1/2-1/2"]
[WhiteElo "2115"]
[BlackElo "2152"]
[PlyCount "70"]
[EventDate "2017.10.21"]
[EventType "team-tourn"]
[EventRounds "11"]
[EventCountry "SVK"]
[SourceTitle "CBM 181 Extra"]
[Source "ChessBase"]
[SourceDate "2017.12.12"]
[SourceVersion "1"]
[SourceVersionDate "2017.12.12"]
[SourceQuality "1"]
[WhiteTeam "Kosice Slavia TU II"]
[BlackTeam "Liptov Chess School II"]
[WhiteTeamCountry "SVK"]
[BlackTeamCountry "SVK"]

1. e4 e5 2. Nf3 Nc6 3. Bb5 a6 4. Ba4 Nf6 5. 0-0 b5 6. Bb3 Bb7 7. c3 Nxe4 8. d4 exd4 9. Re1 Ne7 10. Ne5 Nd6 11. cxd4 Nc4 12. Qh5 Nxe5 13. Qxe5 d5 14. Nc3 c6 15. a4 f6 16. Qg3 Kf7 17. axb5 axb5 18. Rxa8 Bxa8 19. Qh3 Qc8 20. Ne4 Nf5 21. Ng3 Nd6 22. Qh4 g6 23. Bc2 Bg7 24. Bf4 Qd7 25. Bxd6 Qxd6 26. Nf5 Qb4 27. f3 Bf8 28. Re2 Bb7 29. Qf4 gxf5 30. Bxf5 Be7 31. Qg4 Qd6 32. Qh5+ Kg7 33. Qg4+ Kf7 34. Qh5+ Kg7 35. Qg4+ Kf7 1/2-1/2

[Event "SVK-ch Amateurs"]
[Site "Topolcany"]
[Date "2017.07.23"]
[Round "7"]
[White "Bakalar, Jan"]
[Black "Tauber, Marek"]
[Result "0-1"]
[WhiteElo "1949"]
[BlackElo "2139"]
[PlyCount "116"]
[EventDate "2017.07.20"]
[EventType "swiss"]
[EventRounds "7"]
[EventCountry "SVK"]
[SourceTitle "CBM 179 Extra"]
[Source "ChessBase"]
[SourceDate "2017.08.23"]
[SourceVersion "1"]
[SourceVersionDate "2017.08.23"]
[SourceQuality "1"]

1. e4 e5 2. Nc3 Nf6 3. f4 d5 4. fxe5 Nxe4 5. d3 Nxc3 6. bxc3 d4 7. Nf3 Nc6 8. cxd4 Bb4+ 9. Bd2 Bxd2+ 10. Qxd2 Nxd4 11. c3 Nxf3+ 12. gxf3 Qh4+ 13. Qf2 Qxf2+ 14. Kxf2 Be6 15. d4 0-0-0 16. Ke3 c5 17. Rg1 g6 18. a4 Kb8 19. Bd3 Rd7 20. Be4 Rc8 21. Rgc1 Bd5 22. Bxd5 Rxd5 23. Ke4 Rcd8 24. Rd1 Kc7 25. f4 Kc6 26. h4 b6 27. Ra2 Re8 28. h5 f6 29. hxg6 hxg6 30. Rg2 g5 31. c4 Rxd4+ 32. Rxd4 cxd4 33. Kf5 fxe5 34. fxg5 e4 35. g6 e3 36. g7 d3 37. Rg6+ Kc5 38. Re6 Rg8 39. Rxe3 Rxg7 40. Rxd3 Kxc4 41. Re3 Rc7 42. Ke6 Kb4 43. Kd6 Rc5 44. Re4+ Kb3 45. Re1 Ra5 46. Kc6 Kxa4 47. Rb1 Rc5+ 48. Kb7 b5 49. Kxa7 b4 50. Kb6 Rh5 51. Ra1+ Kb3 52. Rb1+ Ka3 53. Ra1+ Kb2 54. Ra4 b3 55. Ra8 Kb1 56. Ra7 b2 57. Ra8 Rh2 58. Kb5 Kc1 0-1

[Event "SVK-ch Amateurs"]
[Site "Topolcany"]
[Date "2017.07.22"]
[Round "4"]
[White "Tauber, Marek"]
[Black "Stevik, Patrik1111"]
[Result "1-0"]
[WhiteElo "2139"]
[BlackElo "1781"]
[PlyCount "73"]
[EventDate "2017.07.20"]
[EventType "swiss"]
[EventRounds "7"]
[EventCountry "SVK"]
[SourceTitle "CBM 179 Extra"]
[Source "ChessBase"]
[SourceDate "2017.08.23"]
[SourceVersion "1"]
[SourceVersionDate "2017.08.23"]
[SourceQuality "1"]

1. c4 Nf6 2. Nc3 g6 3. d4 Bg7 4. e4 d6 5. f3 Nbd7 6. Be3 0-0 7. Qd2 c5 8. Nge2 a6 9. Rd1 cxd4 10. Nxd4 Nc5 11. Be2 Ne6 12. 0-0 Bd7 13. Nc2 b5 14. cxb5 axb5 15. Bxb5 Bxb5 16. Nxb5 Rxa2 17. Nca3 Nd7 18. Nc3 Rxa3 19. bxa3 Ndc5 20. Nd5 Nb3 21. Qb4 Nbc5 22. a4 Re8 23. a5 Kf8 24. Qb6 Qa8 25. Rb1 Nd7 26. Qb7 Ne5 27. a6 Nc4 28. Qxa8 Rxa8 29. a7 Bd4 30. Rb8+ Kg7 31. Bxd4+ Nxd4 32. Rxa8 Ne2+ 33. Kf2 Nd4 34. Rc8 Ne5 35. a8Q Nd3+ 36. Ke3 Nc5 37. Rg8+ 1-0

[Event "SVK-ch Amateurs"]
[Site "Topolcany"]
[Date "2017.07.21"]
[Round "3"]
[White "Bucek, Eduard"]
[Black "Tauber, Marek"]
[Result "1-0"]
[WhiteElo "1995"]
[BlackElo "2139"]
[PlyCount "89"]
[EventDate "2017.07.20"]
[EventType "swiss"]
[EventRounds "7"]
[EventCountry "SVK"]
[SourceTitle "CBM 179 Extra"]
[Source "ChessBase"]
[SourceDate "2017.08.23"]
[SourceVersion "1"]
[SourceVersionDate "2017.08.23"]
[SourceQuality "1"]

1. e4 d6 2. d4 Nf6 3. Nc3 e5 4. Nf3 Nbd7 5. Bc4 Be7 6. Bxf7+ Kxf7 7. Ng5+ Kg8 8. Ne6 Qe8 9. Nxc7 Qg6 10. 0-0 Rb8 11. Qd3 exd4 12. Qxd4 Ne5 13. f4 Nc6 14. Qd3 h6 15. f5 Qh5 16. Bf4 Ne5 17. Qg3 Qf7 18. Qf2 b6 19. N7d5 Bb7 20. Rad1 Kh7 21. Qd4 Nxd5 22. exd5 Bf6 23. Qb4 Rbd8 24. Qa4 a6 25. h3 Rhe8 26. Kh1 Qc7 27. Qb3 Nd7 28. Nb1 Be5 29. Bc1 Nf6 30. c4 Rc8 31. Na3 Ne4 32. Rf3 Nc5 33. Qc2 Bf6 34. b3 Qe7 35. Rdf1 Qe4 36. Qf2 Qh4 37. Qc2 Qe4 38. Qd2 Rc7 39. b4 Na4 40. Qf2 Rce7 41. Qg3 Qh4 42. Qxd6 Re1 43. Bd2 Rxf1+ 44. Rxf1 Be5 45. Qg6+ 1-0

[Event "SVK-chT2D 1617"]
[Site "Slovakia"]
[Date "2017.03.12"]
[Round "11.1"]
[White "Tauber, Marek"]
[Black "Kravec, Patrik"]
[Result "0-1"]
[WhiteElo "2141"]
[BlackElo "2085"]
[PlyCount "48"]
[EventDate "2016.10.08"]
[EventType "team-tourn"]
[EventRounds "11"]
[EventCountry "SVK"]
[SourceTitle "EXT 2019"]
[Source "ChessBase"]
[SourceDate "2018.10.10"]
[SourceVersion "1"]
[SourceVersionDate "2018.10.10"]
[SourceQuality "1"]
[WhiteTeam "Spisska Nova Ves"]
[BlackTeam "Sabinov II"]
[WhiteTeamCountry "SVK"]
[BlackTeamCountry "SVK"]

1. d4 g6 2. e4 Bg7 3. Nc3 d6 4. g3 Nf6 5. Bg2 0-0 6. Nge2 e5 7. 0-0 Nc6 8. dxe5 Nxe5 9. h3 Re8 10. b3 Rb8 11. a4 a6 12. Bg5 h6 13. Be3 c5 14. f4 Nc6 15. Qd2 Qe7 16. Rad1 Bxh3 17. Qxd6 Qxd6 18. Rxd6 Bxg2 19. Kxg2 Nxe4 20. Nxe4 Rxe4 21. Rf3 Rbe8 22. Kf2 Nd4 23. Nxd4 cxd4 24. Bc1 Re1 0-1